Muhammad S.A.W. : (Record no. 1289)

000 -LEADER
fixed length control field nam a22 a 4500
003 - CONTROL NUMBER IDENTIFIER
control field AKMAL
005 - DATE AND TIME OF LATEST TRANSACTION
control field 20170509092607.0
008 - FIXED-LENGTH DATA ELEMENTS--GENERAL INFORMATION
fixed length control field 1 s1992 my a00 may d
020 ## - INTERNATIONAL STANDARD BOOK NUMBER
International Standard Book Number 9836229140 (jil. 1):
Terms of availability RM 100.00
020 ## - INTERNATIONAL STANDARD BOOK NUMBER
International Standard Book Number 9836233024 (jil. 2):
Terms of availability RM 100.00
020 ## - INTERNATIONAL STANDARD BOOK NUMBER
International Standard Book Number 9836237305 (jil. 3):
Terms of availability RM 100.00
020 ## - INTERNATIONAL STANDARD BOOK NUMBER
International Standard Book Number 9836237364 (jil. 4):
Terms of availability RM 100.00
020 ## - INTERNATIONAL STANDARD BOOK NUMBER
International Standard Book Number 9836238670 (jil. 5):
Terms of availability RM 100.00
020 ## - INTERNATIONAL STANDARD BOOK NUMBER
International Standard Book Number 9836238700 (jil. 6):
Terms of availability RM 100.00
020 ## - INTERNATIONAL STANDARD BOOK NUMBER
International Standard Book Number 9836238719 (jil. 7):
Terms of availability RM 100.00
039 #9 - LEVEL OF BIBLIOGRAPHIC CONTROL AND CODING DETAIL [OBSOLETE]
Level of rules in bibliographic description 200709121411
Level of effort used to assign nonsubject heading access points pmmalaysiana
040 ## - CATALOGING SOURCE
Original cataloging agency AKMAL
082 04 - DEWEY DECIMAL CLASSIFICATION NUMBER
Classification number 297.63 AFZ
090 ## - LOCALLY ASSIGNED LC-TYPE CALL NUMBER (OCLC); LOCAL CALL NUMBER (RLIN)
Classification number (OCLC) (R) ; Classification number, CALL (RLIN) (NR) 297.63
Local cutter number (OCLC) ; Book number/undivided call number, CALL (RLIN) AFZ
100 1# - MAIN ENTRY--PERSONAL NAME
Personal name Rahman, Afzalur
9 (RLIN) 1799
245 10 - TITLE STATEMENT
Title Muhammad S.A.W. :
Remainder of title ensiklopedia sirah /
Statement of responsibility, etc. Afzalur Rahman
260 ## - PUBLICATION, DISTRIBUTION, ETC.
Place of publication, distribution, etc. Kuala Lumpur :
Name of publisher, distributor, etc. Dewan Bahasa dan Pustaka,
Date of publication, distribution, etc. 1992
300 ## - PHYSICAL DESCRIPTION
Extent 7 jil. :
Other physical details il. ;
Dimensions 26cm
504 ## - BIBLIOGRAPHY, ETC. NOTE
Bibliography, etc. note Mengandungi bibliografi
505 0# - FORMATTED CONTENTS NOTE
Formatted contents note Kandungan: jil. 1. Sunah, dakwah dan Islam penterjemah Zaharah Salleh - jil. 2. Insan kamil penterjemah Norhayati Mohd Nor - jil. 3. Perkembangan ilmu penterjemah Badrul Hisham Hassan - jil. 4. Dorongan baru penterjemah Zaharah Salleh - jil. 5. Peranan wanita Islam penterjemah Zaleha Ahmad -jil. 7. Rupa dan jiwa
610 20 - SUBJECT ADDED ENTRY--CORPORATE NAME
Corporate name or jurisdiction name as entry element Muhammad,
Location of meeting Prophet,
Date of meeting or treaty signing -632
9 (RLIN) 2546
650 ## - SUBJECT ADDED ENTRY--TOPICAL TERM
Topical term or geographic name entry element Islam
General subdivision History
9 (RLIN) 756
740 #2 - ADDED ENTRY--UNCONTROLLED RELATED/ANALYTICAL TITLE
Uncontrolled related/analytical title Ensiklopedia sirah
942 ## - ADDED ENTRY ELEMENTS (KOHA)
Source of classification or shelving scheme
Koha item type Book
Holdings
Withdrawn status Lost status Source of classification or shelving scheme Damaged status Not for loan Collection code Home library Current library Shelving location Date acquired Inventory number Total Checkouts Full call number Barcode Date last seen Price effective from Koha item type
          NON-FICTION AKMAL Melaka AKMAL Melaka PINJAMAN 09.05.2017 000312   297.63 AFZ 201702465 09.05.2017 09.05.2017 Book
          NON-FICTION AKMAL Melaka AKMAL Melaka PINJAMAN 09.05.2017 200203   297.63 AFZ 201702466 09.05.2017 09.05.2017 Book
Pusat Sumber Maklumat Dato' Haji Sarmin Md Hussin, Akademi Kastam Diraja Malaysia, Melaka
Tel: 06-2331106 | Faks: 06-2313787